000 00752nam a22001817a 4500
003 UA-OsUOA
001 17449
007 ta
008 20040301b un ||||| |||| 00| 0 ukr d
100 _aЯремчук В.
942 _cSA
040 _aUA-OsUOA
_cUA-OsUOA
_dUA-OsUOA
245 _aЖиття, наповнене авантюрними подіями та несподіванками: [Про визнач. укр. вченого і громад. діяча, акад. Всеукр. акад. наук Оникія Малиновського, уродженця волин. міста Острог]
300 _aС.20
955 _a0
773 0 _w0
_tСім днів
_dРівне
_d2004
_g№8/20 лют./
650 7 _aВидатні діячі
_2UDC
999 _c303617
_d303617